Việt Nam : Hình ảnh cộng đồng 54 dân tộc = Vietnam image of the community of 54 ethnic groups

Sách giới thiệu người thật, trang phục thật, phong cảnh thật của 54 dân tộc đang sinh sống trên lãnh thổ Việt Nam.

Guardat en:
Dades bibliogràfiques
Autor corporatiu: Thông tấn xã Việt Nam
Format: Llibre
Idioma:Undetermined
Publicat: Hà Nội Thông Tấn 2002
Matèries:
Etiquetes: Afegir etiqueta
Sense etiquetes, Sigues el primer a etiquetar aquest registre!
Thư viện lưu trữ: Trung tâm Học liệu Trường Đại học Cần Thơ
LEADER 00863nam a2200229Ia 4500
001 CTU_58257
008 210402s9999 xx 000 0 und d
082 |a 305.89597 
082 |b Th455 
110 |a Thông tấn xã Việt Nam 
245 0 |a Việt Nam : 
245 0 |b Hình ảnh cộng đồng 54 dân tộc = Vietnam image of the community of 54 ethnic groups 
245 0 |c Thông tấn xã Việt Nam 
260 |a Hà Nội 
260 |b Thông Tấn 
260 |c 2002 
520 |a Sách giới thiệu người thật, trang phục thật, phong cảnh thật của 54 dân tộc đang sinh sống trên lãnh thổ Việt Nam. 
650 |a Vietnam,Ethnology 
650 |x Ethnic relations 
650 |z Vietnam 
904 |i Minh 
980 |a Trung tâm Học liệu Trường Đại học Cần Thơ